Campus STU - verejný priestor

Guardado en:
Detalles Bibliográficos
Autor principal: Zacková, Monika (Autor)
Otros Autores: Sopirová, Alžbeta (Orientador)
Formato: Manuscrito Libro
Lenguaje:eslovaco
Publicado: Bratislava 2020
Materias:
Acceso en línea:http://is.stuba.sk/zp/portal_zp.pl?podrobnosti=120191
Etiquetas: Agregar Etiqueta
Sin Etiquetas, Sea el primero en etiquetar este registro!

MARC

LEADER 00000ntm a22000003a 4500
001 stuzp79153
003 SK-STU
005 20200810115424.4
007 ta
008 150427s2015----xo-----f-mn---000-0-slo-d
040 |a STU  |b slo 
041 0 |a slo 
100 1 |a Zacková, Monika  |u 056160  |4 aut  |U FAD Fakulta architektúry  |T FA Ústav urbanizmu a územného plánovania  |X 77143  |U A6160  |Y 397  |7 77143 
242 0 1 |a Campus STU - Public Space  |y eng 
245 1 0 |a Campus STU - verejný priestor 
260 |c 2020  |a Bratislava 
650 4 |a univerzálny priestor  |2 slo 
650 4 |a verejný priestor  |2 slo 
650 4 |a Campus STU  |2 slo 
650 4 |a vnútroblok  |2 slo 
650 4 |a identita  |2 slo 
650 4 |a public space  |2 eng 
650 4 |a Campus STU  |2 eng 
650 4 |a courtyard  |2 eng 
650 4 |a identity  |2 eng 
650 4 |a universal space  |2 eng 
700 1 |a Sopirová, Alžbeta  |u 056160  |k Z1  |4 ths  |U FAD Fakulta architektúry  |T FA Ústav urbanizmu a územného plánovania  |X 4201  |U A6160  |Y 397  |7 A000004201 
856 4 |u http://is.stuba.sk/zp/portal_zp.pl?podrobnosti=120191  |u https://opac.crzp.sk/?fn=detailBiblioForm&sid=2C8AB4190B6536A9D0861A7B1CEB